Economic and commercial laws : (Record no. 100438)

MARC details
000 -LEADER
fixed length control field 00627nam a22001937a 4500
005 - DATE AND TIME OF LATEST TRANSACTION
control field 20160627150055.0
010 ## - LCCN (DPL NO)
LC control number ENG-115321
020 ## - INTERNATIONAL STANDARD BOOK NUMBER
International Standard Book Number 9789351438953
Terms of availability 475.00
035 ## - SYSTEM CONTROL NUMBER
System control number EN-98853
037 ## - SOURCE OF ACQUISITION
Source of stock number/acquisition DBAD/PUB
082 ## - DEWEY DECIMAL CLASSIFICATION NUMBER
Classification number 346.5407
100 ## - MAIN ENTRY--PERSONAL NAME
Personal name Vohra,Amit
245 ## - TITLE STATEMENT
Title Economic and commercial laws :
Remainder of title with chart analysis of concepts sections, rules and cases
Statement of responsibility, etc by Amit Vohra
250 ## - EDITION STATEMENT
Edition statement 2nd edition
260 ## - PUBLICATION, DISTRIBUTION, ETC. (IMPRINT)
Place of publication, distribution, etc Gurgaon
Name of publisher, distributor, etc LaxisNaxis
Date of publication, distribution, etc 2016
270 ## - ADDRESS
Address 14th floor,Buiding N0-10,Tower-B,DLF Cyber City,Phase-II
City Gurgaon
Postal code 122002
300 ## - PHYSICAL DESCRIPTION
Extent 492p.
Dimensions 27cm(pbk)
942 ## - ADDED ENTRY ELEMENTS (KOHA)
Source of classification or shelving scheme Dewey Decimal Classification
Item type English Books
Call number suffix VOH
Classification part 346.5407
Holdings
Withdrawn status Lost status Not for loan Collection code Home library Current library Date acquired Source of acquisition Cost, normal purchase price Full call number Barcode Copy number Cost, replacement price Koha item type
    Not For Loan Non-fiction D.B.Act.Division D.B.Act.Division 17/06/2016 DBAD/PUB 475.00 346.5407 VOH EN-98853 1 475.00 English Books

© Delhi Public Library
Hit Counter
free hit counter